000
00299nam a2200121Ia 4500
008
190216s9999||||xx |||||||||||||| ||und||
100
_a
Jack London
245
4
_a
The Call Of The Wild
260
_b
Heinemann Educational Books Ltd
_c
1967
300
_a
112p
650
_a
English General
942
_c
BK
999
_c
12456
_d
12456